Aufgaben zur Einfuhrung in die moderne Mathematik
Saved in:
| Main Author: | |
|---|---|
| Other Authors: | |
| Format: | Book |
| Language: | German |
| Published: |
Mannheim :
Bibliographisches Institut,
c1969
|
| Series: | B.I.-Hochschultaschenbucher ;
; 263/263a |
| Subjects: | |
| Tags: |
Add Tag
No Tags, Be the first to tag this record!
|
MARC
| LEADER | 00000cam a2200000 i 4500 | ||
|---|---|---|---|
| 001 | 1/103688 | ||
| 008 | 090402s1969 ger d | ||
| 035 | |l 10104147 | ||
| 040 | |a GR-MY-UA |b gre |e aacr | ||
| 041 | 0 | |a ger | |
| 082 | 0 | |a 510 |2 (22) | |
| 100 | 1 | |a Meschkowski, Herbert. | |
| 245 | 1 | 0 | |a Aufgaben zur Einfuhrung in die moderne Mathematik / |c Herbert Meschkowski und Gunter Lessner |
| 260 | |a Mannheim : |b Bibliographisches Institut, |c c1969 | ||
| 300 | |a 136 σ.; |c 19 εκ. | ||
| 490 | 1 | |a B.I.-Hochschultaschenbucher |v ; 263/263a | |
| 650 | 0 | 0 | |a Mathematics. |
| 700 | 1 | |a Gunter, Lessner. | |
| 830 | 0 | |a B.I.-Hochschultaschenbucher ; |v ; 263/263a | |
| 852 | |a INST |b SAMOS |c MAG |e 20090402 |h 510 MES |p 005300029008 |q 005300029008 |t BK |y 0 | ||
| 901 | |a BIBL3-2009-1 | ||
| 909 | |a Σ |b 155971 | ||
| 970 | |a ΡΟΥΣΣΟΥ |b ΚΩΝΣΤΑΝΤΙΝΑ |z 2009/04/02 | ||